[Event "NED-ch U14 op"]
[Site "Borne"]
[Date "2013.08.06"]
[Round "3"]
[White "Kanger, Martijn"]
[Black "Boekhoudt, Nicolien"]
[Result "1-0"]
[WhiteElo "1332"]
[BlackElo "801"]
[PlyCount "79"]
[EventDate "2013.08.05"]
[EventType "swiss"]
[EventRounds "9"]
[EventCountry "NED"]
[SourceTitle "EXT 2015"]
[Source "ChessBase"]
[SourceDate "2014.11.20"]
[SourceVersion "1"]
[SourceVersionDate "2014.11.20"]
[SourceQuality "1"]

1. e4 e5 2. Nf3 Nc6 3. d4 d5 4. Nxe5 dxe4 5. Nxc6 bxc6 6. Nc3 Nf6 7. Bc4 Bd6 8. 0-0 Be6 9. Bxe6 fxe6 10. Qe2 0-0 11. Nxe4 Nxe4 12. Qxe4 Qd7 13. Re1 Rae8 14. Bd2 Rf5 15. Bc3 Rf4 16. Qe3 Qf7 17. Rad1 Qf5 18. Rd2 Rh4 19. g3 Rg4 20. Rde2 Bf4 21. Qf3 h5 22. Re4 Rf8 23. Rxe6 h4 24. Re8 Rg6 25. Kf1 hxg3 26. hxg3 Qh3+ 27. Qg2 Qxg2+ 28. Kxg2 Bd6 29. Rxf8+ Kxf8 30. Bd2 Rg4 31. c3 a5 32. Kf3 Rg6 33. Bf4 Rf6 34. Re4 g5 35. Ke3 gxf4+ 36. gxf4 a4 37. d5 cxd5 38. Rxa4 Bxf4+ 39. Rxf4 Rxf4 40. Kxf4 1-0

[Event "NED-ch U14 op"]
[Site "Borne"]
[Date "2013.08.05"]
[Round "1"]
[White "Kanger, Martijn"]
[Black "Linssen, Martijn"]
[Result "1/2-1/2"]
[WhiteElo "1332"]
[BlackElo "659"]
[PlyCount "22"]
[EventDate "2013.08.05"]
[EventType "swiss"]
[EventRounds "9"]
[EventCountry "NED"]
[SourceTitle "EXT 2015"]
[Source "ChessBase"]
[SourceDate "2014.11.20"]
[SourceVersion "1"]
[SourceVersionDate "2014.11.20"]
[SourceQuality "1"]

1. e4 e6 2. d4 d5 3. e5 c5 4. c3 Nc6 5. Nf3 f6 6. Bd3 Qb6 7. Be3 c4 8. Be2 Qxb2 9. Bc1 Qxa1 10. Qc2 Na5 11. Nfd2 Bd7 1/2-1/2